000
00404nam a2200145Ia 4500
008
090124s9999 xx 000 0 und d
082
_b
300504
245
_a
जन्मदा खंड 1 ला
250
_a
1
260
_b
पारखे म.स.
_c
1976
300
_a
269
630
_a
जन्मदा खंड 1 ला
730
_a
जन्मदा खंड 1 ला
942
_c
BOOK
999
_c
190058
_d
190058